Ciudades más pobladas del Norte de México - Estadísticas

Estadísticas generales
  • Esta prueba ha sido intentada 41 veces
    32 desde el último reinicio
  • La puntuación promedio es 19 de 27
Estadísticas de respuestas
Región Estado Ciudad % Correcto
Noroeste Chihuahua Chihuahua
90%
Noroeste Sonora Hermosillo
90%
Noroeste Chihuahua Juárez
90%
Noroeste Baja California Sur La Paz
90%
Noroeste Baja California Mexicali
90%
Noreste Nuevo León Monterrey
90%
Noreste Coahuila Saltillo
90%
Noroeste Baja California Tijuana
90%
Noroeste Durango Durango
80%
Noroeste Sonora Nogales
80%
Noreste Tamaulipas Reynosa
80%
Noreste Coahuila Torreón
80%
Noroeste Baja California Sur Cabo San Lucas
70%
Noroeste Sinaloa Culiacán
70%
Noroeste Baja California Ensenada
70%
Noroeste Sinaloa Los Mochis
70%
Noroeste Sinaloa Mazatlán
70%
Noreste Tamaulipas Nuevo Laredo
70%
Noroeste Durango Ciudad Lerdo
60%
Noreste Tamaulipas Matamoros
60%
Noreste Nuevo León Apodaca
50%
Noroeste Durango Gómez Palacio
50%
Noreste Coahuila Monclova
50%
Noroeste Sonora Obregón
50%
Noroeste Baja California Sur San José del Cabo
50%
Noreste Nuevo León Guadalupe
40%
Noroeste Chihuahua Cuauhtémoc
30%
No se encontraron pruebas coincidentes
Distribución de puntuación
Porcentaje de gente con cada puntuación
Porcentaje por número respondido
Historial de tus puntuaciones
No has intentado esta prueba desde el último reinicio